000 00306 a2200133 4500
001 125348
020 _a9780439839204
040 _cEscola Canadense de Niteroi
100 _aSouthall, Mary
245 1 0 _aDifferentiated Small-Group Reading Lessons
260 _aNew York
362 0 _a2009
942 _cREF
999 _c125348
_d125348